书目信息 |
| 题名: |
个人品牌7堂课
|
|
| 作者: | 秋叶 著 | |
| 分册: | ||
| 出版信息: | 北京 人民邮电出版社 2020.10 |
|
| 页数: | 196页 | |
| 开本: | 24cm | |
| 丛书名: | 秋叶特训营 | |
| 单 册: | ||
| 中图分类: | C913.2 | |
| 科图分类: | ||
| 主题词: | 职业选择--zhi ye xuan ze | |
| 电子资源: | ||
| ISBN: | 978-7-115-54481-0 | |
| 000 | 01092nam 2200301 450 | |
| 001 | CAL 0120203096987 | |
| 005 | 20201029100821. | |
| 010 | @a978-7-115-54481-0@dCNY49.00 | |
| 092 | @aCN@bRt949-1621 | |
| 100 | @a20201027d2020 em y0chiy0120 ea | |
| 101 | 0 | @achi |
| 102 | @aCN@b110000 | |
| 105 | @aa z 000yy | |
| 106 | @ar | |
| 200 | 1 | @a个人品牌7堂课@Age ren pin pai 7 tang ke@f秋叶著 |
| 210 | @a北京@c人民邮电出版社@d2020.10 | |
| 215 | @a196页@c图@d24cm | |
| 225 | 2 | @a秋叶特训营@Aqiu ye te xun ying |
| 314 | @a秋叶, 武汉工程大学副教授。 | |
| 330 | @a本书侧重于提高读者的“打造个人品牌思维”, 将打造个人品牌 (IP) 的实用方法总结为7堂课, 包括平台思维、赛道思维、定位思维、团队思维、产品思维、渠道思维、运营思维。内容不仅着眼于打造个人品牌技巧的提升, 更侧重培养读者关于打造的高效习惯, 锻炼学习能力, 养成良好的职业习惯。 | |
| 410 | 0 | @12001 @a秋叶特训营 |
| 606 | 0 | @a职业选择@Azhi ye xuan ze |
| 690 | @aC913.2@v5 | |
| 701 | 0 | @a秋叶@Aqiu ye@4著 |
| 801 | 0 | @aCN@b人天书店@c20201027 |
| 901 | @a人民邮电出版社 | |
| 905 | @aTSG@b0001928@dC913.2@eQ760@f2 | |
| 997 | @a期货 | |
| 个人品牌7堂课/秋叶著.-北京:人民邮电出版社,2020.10 |
| 196页:图;24cm.-(秋叶特训营) |
| ISBN 978-7-115-54481-0:CNY49.00 |
| 本书侧重于提高读者的“打造个人品牌思维”, 将打造个人品牌 (IP) 的实用方法总结为7堂课, 包括平台思维、赛道思维、定位思维、团队思维、产品思维、渠道思维、运营思维。内容不仅着眼于打造个人品牌技巧的提升, 更侧重培养读者关于打造的高效习惯, 锻炼学习能力, 养成良好的职业习惯。 |
| ● |
| 相关链接 |
|
|
|
正题名:个人品牌7堂课
索取号:C913.2/Q760
 
预约/预借
| 序号 | 登录号 | 条形码 | 馆藏地/架位号 | 状态 | 备注 |
| 1 | 1539196 | 215391966 | 社科库509/509社科库 61排7列3层/ [索取号:C913.2/Q760] | 在馆 | |
| 2 | 1539197 | 215391975 | 社科库509/509社科库 61排7列3层/ [索取号:C913.2/Q760] | 在馆 |